Programas de ejercicio físico al aire libre para un envejecimiento activo y saludable : guía de la red Healthy-Age /

Bibliographic Details
Other Authors: Vaquero Cristóbal, Raquel (Editor)
Format: Electronic eBook
Language:Spanish
Published: Madrid : Dykinson, S.L., [2025]
Edition:1a edición.
Subjects:
Online Access:Digitalia Hispánica

MARC

LEADER 00000nam a2200000 i 4500
001 DIGDYK4343
003 NyNyDIG
007 cr |||||||||||
008 260301s2025 sp a ob 000 0 spa d
006 m o d
035 |a (OCoLC)1569919800 
040 |a DGITA  |b eng  |e rda  |e pn  |c DGITA 
020 |a 9788410707313  |q electrónico 
020 |z 9791370068097 
024 7 |a 10.14679/4546  |2 doi 
050 1 4 |a GV482.6 ebook 
245 0 0 |a Programas de ejercicio físico al aire libre para un envejecimiento activo y saludable :  |b guía de la red Healthy-Age /  |c Vaquero Cristóbal, Raquel [and 3 others] (editores). 
250 |a 1a edición. 
264 1 |a Madrid :  |b Dykinson, S.L.,  |c [2025] 
300 |a 1 online resource :  |b illustrations. 
336 |a text  |b txt  |2 rdacontent 
337 |a computer  |b c  |2 rdamedia 
338 |a online resource  |b cr  |2 rdacarrier 
347 |a text file  |2 rdaft 
347 |b PDF 
504 |a Includes bibliographical references. 
588 0 |a Online resource; title from PDF title page (Digitalia, viewed March 1, 2026) 
650 0 |a Physical fitness for older people. 
650 0 |a Exercise for older people. 
700 1 |a Vaquero Cristóbal, Raquel,  |e editor. 
791 2 |a Digitalia (Firm),  |e distributor. 
793 0 |g Digitalia eBook Collection:  |a Dykinson Editorial 
776 0 8 |i Print version:  |t Programas de ejercicio físico al aire libre para un envejecimiento activo y saludable.  |b 1a edición.  |d Madrid : Dykinson, S.L., [2025]  |z 9791370068097 
856 4 0 |3 Digitalia Hispánica  |u https://www.digitaliapublishing.com/a/184181/ 
910 |a Premium collection: 2026